| 000 | 01143nam a22002775a 4500 | ||
|---|---|---|---|
| 003 | OSt | ||
| 005 | 20170506151155.0 | ||
| 008 | 170506s1986 ua frb f000 0 ara d | ||
| 015 | _a1985 / 5773 | ||
| 020 | _a9770107700 | ||
| 040 |
_aEG-ScBUE _bara _cEG-ScBUE |
||
| 082 | 0 | 4 |
_a340.9 _bع ب د _222 |
| 100 | 1 | _aعبد الله، عز الدين. | |
| 245 | 1 | 2 |
_aالقانون الدولي الخاص / _cعز الدين عبد الله. |
| 250 | _aط. 11. | ||
| 260 |
_aالقاهرة : _bالهيئة المصرية العامة للكتاب، _c1986. |
||
| 300 |
_a2 مج. ؛ _c24 سم. |
||
| 504 | _aيشتمل على إرجاعات ببليوجرافية. | ||
| 505 | 0 | _aمج. 1. في الجنسية والموطن وتمتع الأجانب بالحقوق (مركز الأجانب) -- مج. 2. في تنازع القوانين وتنازع الاختصاص القضائي الدوليين. | |
| 650 | 7 |
_aالقانون الدولي الخاص. _2BUEsh |
|
| 650 | 7 |
_aتنازع القوانين. _2BUEsh |
|
| 650 | 7 |
_aالجنسية (قانون دولي) _2BUEsh |
|
| 651 | _2BUEsh | ||
| 653 |
_bLLAAWW _cMay2017 |
||
| 942 | _2ddc | ||
| 999 |
_c24781 _d24753 |
||